000 00766nas a2200277 4500
001 BR9204845
003 BR-BrBNA
005 20231205092803.0
007 ta
008 230509b bl.|||p| |||| 00| 00por d
040 _aBR-BrBNA
_bpor
_cBiblioteca Nacional de Agricultura
041 _a(Pt)
072 _aF30; F60
100 1 _aZullo, M.A.T.
100 1 _aAzzini, A.
100 1 _aSalgado, A.L. de B.
100 1 _aCiaramello, D.
245 1 _aSapogeninas esteroidicas em sisal
650 _aSISAL
650 _aSAPOGENINA
650 _aVARIEDADE
650 _aMELHORAMENTO GENETICO VEGETAL
773 0 _tBragantia (Brazil)
_xISSN 0006-8705
_g(1989), v. 48(1) p. 21-25
_wBR9204845
909 _a202311
_bLúcia
_c55
_dLúcia Elande
942 _2AGRIS
_n0
_cANA
999 _c134171
_d134171